MDQL
is popping MORE tags! Check the
thread
!
Quizzes
Events
Quiz Creation
Community
Videos
Private Events
Remove Ads
Sign In
Join for FREE
Feedback
Dark Mode
Quiz Categories
Sports
Geography
Music
Movies
Television
Just For Fun
Miscellaneous
History
Literature
Language
Science
Gaming
Entertainment
Religion
Holiday
For Kids
Quiz Lab
Recent
Popular Today
Quiz Kudos Today
Editor Picks
Curator Picks
Quizzes by...
Day
Popularity
Type
Ratings
Length
Year
Community
Subscriptions
Recent Discussions
Orange Saloon
Badges
Playlists
Quests
Create
Leaderboards
Showdown
Live 5
Trivia Bingo
Activity
Puzzle Library
Sporcle Events
Private Events
Virtual Trivia
Globe League
Become a Host
Pub Owners
SporcleCon
Opinionation
Our Games
Videos
Blog
Mobile Apps
Partnerships
Remove Ads and Go Orange
Feedback
Just For Fun
Clickable
Get the Picture
Humor
Quick Pick
Word Ladder
Missing Word
Mixed Word
Blitz
Minefield
This or That
Alphabet
Color
Typing
Sporcle
Puzzle
Word Play
Follow That Line
Logic
Just For Fun
Clickable
Get the Picture
Humor
Quick Pick
Word Ladder
Missing Word
Mixed Word
Blitz
Minefield
This or That
Alphabet
Color
Typing
Sporcle
Puzzle
Word Play
Follow That Line
Logic
Random Quiz
Search Sporcle
×
Quiz Lab
Quiz Lab
Just For Fun
postpone
Type in answers that appear in a list
Type in answers that appear in a list
Classic
Best Score? Go Orange.
SE Postcodes Stats
Can you name the SE Postcodes in order?
By
Itsmagicjman
10m
28 Questions
28 Plays
28 Plays
28 Plays
Comments
Comments
Give Quiz Kudos
Give Quiz Kudos
-
- Ratings
hide this ad
Forced Order
Answers have to be entered in order
Answers have to be entered in order
Replay
Link that replays current quiz
Next Quiz
Link to next quiz in quiz playlist
You Got
0%
They Got
Avg Score
46%
Avg Friend Score
Upgrade to see
Score Distribution
Jump to the score distribution portion of the page
Score
0/28
Timer
10:00
0
Plays Today
Hint
Postcode
% Correct
SE6
Catford
71.4%
SE3
Blackheath
64.3%
SE13
Lewisham
64.3%
SE2
Abbey Wood
60.7%
SE7
Charlton
60.7%
SE8
Deptford
57.1%
SE9
Eltham
57.1%
SE4
Brockley
53.6%
SE14
New Cross
53.6%
SE15
Peckham
53.6%
SE5
Camberwell
50%
SE10
Greenwich
50%
SE12
Lee
50%
SE16
Rotherhithe
46.4%
Hint
Postcode
% Correct
SE18
Woolwich
46.4%
SE23
Forest Hill
46.4%
SE26
Sydenham
46.4%
SE11
Kennington
42.9%
SE21
Dulwich
42.9%
SE27
West Norwood
42.9%
SE28
Thamesmead
42.9%
SE17
Walworth
35.7%
SE25
South Norwood
35.7%
SE22
East Dulwich
32.1%
SE24
Herne Hill
32.1%
SE20
Anerley
25%
SE1
Bankside
21.4%
SE19
Norwood
21.4%
Quiz Playlist
Details
Report
Send in Message
Add To Playlist
Classic:
Type in answers that appear in a list
Forced Order:
Answers have to be entered in order
Last Updated: Feb 16, 2017
Quiz Scoreboard
CHALLENGE
Sign Up to Join the Scoreboard
Show All
Scores
Hide
Comments
May contain spoilers
Recently Published
Find the 'City' Movie
by crazypaving
Movies
60s
5x2 Blitz: Bands
by SL_Kpop136
Music
30s
Colored Red Africa Blitz
by spor1
Geography
30s
More to Explore
Quiz From the Vault
Featured Blog Post
14 Easter Pick-up Lines to Find Eggs With
hide this ad
You Might Also Like...
Tags
Order
postcode
postpone
Today's Top Quizzes in Just For Fun
Browse Just For Fun
hide this ad
Top Contributed Quizzes in Just For Fun
1
Name Just One - 10 to 1: Just For Fun
2
Ultimate Minefield Blitz VIII
3
Yarn Creations Logic Puzzle
4
Taylor Swift Logic Puzzle (Songs)
5
Kpop zombie apocalypse mystery (logic puzzle)
6
Survivor Winners Logic Puzzle
7
Quick 5-Color Logic (18)
8
Killer Double Trees 116 - Colour Mis-Match
9
Killer Double Trees 104 - Colour Mis-Match
10
Kyle's 122nd Triple Trees
Explore More
Trending Topics
Crossword
NBA
Harry Potter
Kpop
Marvel
Disney
Anime
The Office
Soccer
NFL
Puzzle
Pokémon
WWE
Country
Song
hide this ad
More By:
Itsmagicjman
Quiz
Plays
Rating
Category
Featured
Created
2023 PDC World Darts Championship Players
486
5.00
Sports
Dec 12, 2022
2020 PDC World Darts Championships Players
423
5.00
Sports
Nov 25, 2019
FA Trophy Winners
420
4.29
Sports
May 1, 2016
Jamie Vardy's Career
400
5.00
Sports
Mar 10, 2016
2022 PDC World Darts Championship Players
377
5.00
Sports
Dec 14, 2021
Go to Creator's Profile
Score Distribution
Quiz Creator Spotlight
Itsmagicjman
Follow
Send a Message
Quizzes Created
-
Created Quiz Play Count
-
More By This Creator
Popular Quizzes Today
1
5x2 Blitz: Bands
2
Find the 'City' Movie
3
Colored Red Africa Blitz
4
Find the US States - No Outlines Minefield
5
The Countries of the World
6
Find the US States
7
9x9 Crossword: Cartoon Network
8
US States
More Just For Fun Quizzes
Quick Pick: Topographic Songs
Published
Trending Quizzes
Colored Red Africa Blitz II
Colored Red Europe Blitz I
Christmas Pick: Judaism
Colored Red Africa Blitz III
Colored Red Europe Blitz II
Recently Updated
Champions League XIs: Real Madrid
pecheneg
Largest US Cities 1790-2010
pecheneg
Rides in Walt Disney World
pecheneg
Most Oscar Losses (Acting)
pecheneg
Beyoncé Albums
pecheneg
Leaping Animals
pecheneg
Reality TV Shows (A-Z)
bhenderson79
Rickey Henderson's Hall of Fame Teammates
pecheneg
Champions League XIs: Arsenal
pecheneg
Quick Pick: Celebrities in WWE's Hall of Fame
aduchscher
Trending Topics
Disney
NBA
Anime
Harry Potter
Kpop
Marvel
Crossword
Song
Puzzle
Pokémon
The Office
NFL
Country
Soccer
WWE
Your Account Isn't Verified!
In order to create a playlist on Sporcle, you need to verify the email address you used during registration. Go to your
Sporcle Settings
to finish the process.
Report this User
Report this user for behavior that violates our
Community Guidelines
.
Details:
Send Report
Go to the Sporcle.com Mobile Site →
Comments